Restatement of U.S. policy in Germany; (Record no. 89968)

MARC details
000 -LEADER
fixed length control field 00978cam a22002531 4500
001 - CONTROL NUMBER
control field sd 46000034
003 - CONTROL NUMBER IDENTIFIER
control field DLC
005 - DATE AND TIME OF LATEST TRANSACTION
control field 20260227112735.0
008 - FIXED-LENGTH DATA ELEMENTS--GENERAL INFORMATION
fixed length control field 780328s1946 dcu f000 0 eng c
010 ## - LIBRARY OF CONGRESS CONTROL NUMBER
LC control number sd 46000034
035 ## - SYSTEM CONTROL NUMBER
System control number (OCoLC)3757084
040 ## - CATALOGING SOURCE
Original cataloging agency U.S. Dept. of State Library
Transcribing agency NGenoU
Modifying agency NGenoU
-- DLC
050 00 - LIBRARY OF CONGRESS CALL NUMBER
Classification number D802.G3
Item number B9
082 ## - DEWEY DECIMAL CLASSIFICATION NUMBER
Classification number 940.5343
100 1# - MAIN ENTRY--PERSONAL NAME
Personal name Byrnes, James F.
Fuller form of name (James Francis),
Dates associated with a name 1882-1972.
245 10 - TITLE STATEMENT
Title Restatement of U.S. policy in Germany;
Statement of responsibility, etc. address by the Secretary of State delivered in Stuttgart, Germany, September 6, 1946.
260 ## - PUBLICATION, DISTRIBUTION, ETC.
Place of publication, distribution, etc. [Washington,
Name of publisher, distributor, etc. U.S. Govt. Print. Off.,
Date of publication, distribution, etc. 1946]
300 ## - PHYSICAL DESCRIPTION
Extent 17 p.
Dimensions 21 cm.
490 1# - SERIES STATEMENT
Series statement U.S. Dept. of State. Publication 2616. European series,
Volume/sequential designation 13
651 #0 - SUBJECT ADDED ENTRY--GEOGRAPHIC NAME
Geographic name Germany
General subdivision History
Chronological subdivision 1945-1955.
650 #0 - SUBJECT ADDED ENTRY--TOPICAL TERM
Topical term or geographic name entry element Reconstruction (1939-1951)
Geographic subdivision Germany.
810 1# - SERIES ADDED ENTRY--CORPORATE NAME
Corporate name or jurisdiction name as entry element United States.
Subordinate unit Department of State.
Title of a work Publication ;
Volume/sequential designation 2616.
810 1# - SERIES ADDED ENTRY--CORPORATE NAME
Corporate name or jurisdiction name as entry element United States.
Subordinate unit Department of State.
Title of a work European series ;
Volume/sequential designation 13.

No items available.

Powered by Koha